00366pab a2200109 454500008004000000100001800040245012500058260000900183300001500192650002300207773002600230180718b2015 xxu||||| |||| 00| 0 eng d aGilad, Sharon aPolitical pressures, organizational identity, and attention to tasks: illustrations from pre-crisis financial regulation c2015 ap.593-608. aEconomic recession aPublic Administration